Compositions quarts de finale de la CAN 2025 - Statistiques

Statistiques générales
  • Ce quiz a été pris 30 fois
  • Le résultat moyen est 32 sur 88
Statistiques - réponses
Hint Réponse % Correct
GB Edouard Mendy
82%
GB Luca Zidane
82%
ML Riyad Mahrez
82%
ATT Sadio Mané
77%
DF Achraf Hakimi
73%
GB Yassine Bono
73%
DF Aissa Mandi
68%
ML Idrissa Gueye
68%
ATT Iliman Ndiaye
68%
DF Kalidou Koulibaly
68%
ATT Mohamed Salah
68%
ML Pape Gueye
68%
DF Nayef Aguerd
64%
DF Ramy Bensebaini
64%
ATT Victor Osimhen
64%
ML Yves Bissouma
64%
ATT Ademola Lookman
59%
ATT Amad Diallo
59%
ATT Brahim Diaz
59%
ML Habib Diarra
59%
ATT Ibrahim Maza
59%
DF Krepin Diatta
59%
ML Neil El Aynaoui
59%
DF Noussair Mazraoui
59%
ATT Omar Marmoush
59%
DF Rayan Ait-Nouri
59%
GB Djigui Diarra
55%
ATT Habib Diallo
55%
DF Moussa Niakhaté
55%
ATT Bryan Mbeumo
50%
DF El Hadji Malick Diouf
50%
DF Ousmane Camara
50%
ML Franck Kessié
45%
ATT Mohamed Amoura
45%
GB Yahia Fofana
45%
DF Adam Masina
41%
ATT Akor Adams
41%
ATT Ayoub El Kaabi
41%
ML Ismael Saibari
41%
ATT Lassine Sinayoko
41%
ATT Abde Ezzalzouli
36%
ML Bilal El Khannouss
36%
DF Calvin Bassey
36%
ML Hicham Boudaoui
36%
ML Ibrahim Sangare
36%
ATT Mamadou Sangare
36%
ML Wilfried Ndidi
36%
ML Alex Iwobi
32%
ML Fares Chaibi
32%
DF Guéla Doué
32%
DF Hamari Traoré
32%
ATT Evann Guessand
27%
ML Lassana Coulibaly
27%
DF Odilon Kossounou
27%
ML Ramiz Zerrouki
27%
ATT Yan Diomande
27%
ML Carlos Baleba
23%
DF Evan Ndicka
23%
DF Abdoulaye Diaby
18%
ATT Christian Kofane
18%
GB Devis Epassy
18%
DF Nathan Gassama
18%
DF Rafik Belghali
18%
ATT Amadou Haidara
14%
ML Christ Inao Oulai
14%
GB Mohamed El Shenawy
14%
GB Stanley Nwabali
14%
ML Aliou Dieng
9%
ML Arthur Avom
9%
DF Bright Osayi-Samuel
9%
DF Bruno Onyemaechi
9%
ML Danny Namaso
9%
ML Emam Ashour
9%
ML Frank Onyeka
9%
DF Mahamadou Nagida
9%
DF Nouhou
9%
DF Ghislain Konan
5%
ML Hossam Abdelmaguid
5%
DF Junior Tchamadeu
5%
ML Marwan Attia
5%
DF Rami Rabia
5%
DF Yasser Ibrahim
5%
DF Ahmed Fatouh
0%
DF Che Malone Junior
0%
ML Hamdi Fathy
0%
DF Mohamed Hany
0%
DF Samuel Kotto
0%
DF Semi Ayaji
0%
Aucun quiz correspondant
Distribution des résultats
% des personnes avec chaque résultat
Percentile par nombre de réponses
Votre historique - résultats
Vous n’avez pas pris ce quiz